000 00783nam a2200253Ia 4500
003 OSt
005 20220923220049.0
006 a|||||r|||| 00| 0
007 ta
008 220922b |||||||| |||| 00| 0 hin d
024 _a183,955
037 _cTextual
040 _aARTS
_cARTS
_bhin
041 _2hin
_ahin
082 _aO152,1NDEx, J6
100 _aमाधव सिंह, दीपक
245 0 _aसात से गीत
246 _aSāt se gīta
260 _aभालावाड
_b बलभ्रद प्रकाशन
_c1956
300 _a367 पृ.
_ccm.
650 _aहिन्दी साहित्य
_9156264
942 _hO152,1NDEx, J6
_cTEXL
_2CC
999 _c337254
_d337254